|
|
|
|
| LEADER |
00000cam a2200000 7i4500 |
| 001 |
0000007369 |
| 005 |
20021119093000.0 |
| 008 |
021119n |
| 020 |
|
|
|a 0893840017
|
| 050 |
0 |
0 |
|a LC5219
|b .D3
|
| 090 |
0 |
0 |
|a LC5219
|b .D3
|
| 100 |
0 |
|
|a Davis, Larry Nolan ,
|e author
|
| 245 |
0 |
0 |
|a Planning, conducting, evaluating workshops :
|b a practitioner's guide to adult education
|c Larry Nolan Davis
|
| 260 |
2 |
|
|a Austrin, Texas :
|b Learning Concepts ,
|c 1974
|
| 300 |
|
|
|a 310 p. ; ;
|c 22 cm.
|
| 650 |
|
0 |
|a Adult education
|
| 650 |
|
0 |
|a Adult education
|x Evaluation
|
| 999 |
|
|
|a 1000022664
|b Book
|c OPEN SHELF (30 DAYS)
|e Gong Badak Campus
|